| 000 | 01403cab a2200241 4500 | ||
|---|---|---|---|
| 001 | E84060 | ||
| 008 | 090401t1997 xxu||||| |||| 00| 0 eng d | ||
| 035 | _a(Sirsi) u78449 | ||
| 041 | _aeng | ||
| 245 | _aDouglas Campbell v Argyll and Bute District Council | ||
| 260 | _c1997 | ||
| 350 | _a0 | ||
| 490 |
_aScottish Civil Law Reports _v1997 SCLR 197-210(14) |
||
| 520 | _aCourt of Session. Inner House (Extra Division). Lord Sutherland , Lord Mascfadyen and Lord Murray. 24 October 1996. Town and Country planning - outline planning permissions - subsequent grant of full planning permissions - development of parts of sites before beginning of 1969 - whether `the development` haad begun before the beginning of 1969 - whether outline planning permissions still extant - Town and Country Planning Act 1971 (c.78), Scheed.24, para 20(1) - Town and Country Planning (Scotland) Act 1972 (c.52), ss.38,39,40(1), Sched.22, paras 14,16,17(1) - Town and Country Planning (General Development)(Scotland) Prder 1950 (SI 1950-942), art.5(2). | ||
| 650 | _aOUTLINE PLANNING PERMISSION | ||
| 650 | _aPLANNING PERMISSIONS | ||
| 650 | _aTOWN AND COUNTRY PLANNING (GENERAL DEVELOPMENT)(SCOTLAND) ORDER 1950 | ||
| 650 | _aTOWN AND COUNTRY PLANNING (SCOTLAND) ACT 1972 | ||
| 650 | _aTOWN AND COUNTRY PLANNING ACT 1971 | ||
| 690 | _aPLANNING LAW AND PRACTICE-CASE LAW | ||
| 942 | _n0 | ||
| 948 | _c21/05/1997 | ||
| 999 |
_c49357 _d49357 |
||